00420nam a2200157Ia 45000010006000000050017000060080041000230410008000640820015000721000031000872450091001182600009002093000028002186500008002466540008002541475820260306164938.0260306t2007||||xx |||||||||||||| ||spa|| aESP a519.2bH87 aHuerga Castro, CarmeneAUT 0aProblemas de probabilidad e inferencia estadística aplicadas a las ciencias sociales c2007 a280 páginas :c24 cm. aGEN aCII